Länder mit den meisten Sprechern von Russisch - Statistiken

Allgemein
  • Dieses Quiz wurde 293 mal gespielt
  • Das Durchschnittsergebnis liegt bei 12 aus 15
Antwortstatistiken
Sprecher Land % Korrekt
118 Mio. Russland
100%
6,2 Mio. Kasachstan
99%
15 Mio. Ukraine
98%
363 Tsd. Estland
90%
663 Tsd. Lettland
89%
233 Tsd. Litauen
89%
4,5 Mio. Usbekistan
89%
327 Tsd. Georgien
87%
847 Tsd. Tadschikistan
84%
680 Tsd Turkmenistan
84%
137 Tsd. Aserbaidschan
81%
6,6 Mio. Belarus
73%
568 Tsd. Moldawien
69%
760 Tsd. Kirgisistan
59%
761 Tsd. Israel
18%
Keine übereinstimmenden Quizze gefunden
Verteilung der Resultate
Anzahl Personen mit jedem Resultat
Perzentil nach korrekt beantworteten Fragen
Ihre Resultats-Entwicklung
Sie haben dieses Quiz noch nicht gespielt